[Event "I Magistral Panno - Club Phillidor de M"]
[Site "Moron ARG"]
[Date "2012.05.16"]
[Round "5.3"]
[White "Rodriguez  Villa, Andres"]
[Black "Koch, Juan"]
[Result "1-0"]
[WhiteElo "2532"]
[BlackElo "2071"]
[PlyCount "57"]
[EventDate "2012.05.23"]
[EventType "tourn"]
[EventRounds "9"]
[EventCountry "ARG"]
[EventCategory "8"]
[SourceDate "2012.05.12"]

1. e4 c5 2. Nf3 Nc6 3. d4 cxd4 4. Nxd4 Nf6 5. Nc3 e5 6. Ndb5 d6 7. Nd5 Nxd5 8.
exd5 Nb8 9. Qf3 Be7 10. Qc3 Na6 11. Be3 O-O 12. Nxa7 Bf5 13. Bxa6 bxa6 14. Nc6
Qd7 15. O-O Bg6 16. Qd2 f5 17. f4 Bf6 18. c4 Bh5 19. Rae1 Rae8 20. b4 exf4 21.
Bxf4 Re4 22. Rxe4 fxe4 23. a4 Be5 24. Bxe5 Rxf1+ 25. Kxf1 dxe5 26. Qg5 Qf7+ 27.
Ke1 h6 28. Qxe5 Bg6 29. Qe6 1-0

[Event "I Magistral Panno - Club Phillidor de M"]
[Site "Moron ARG"]
[Date "2012.05.16"]
[Round "5.4"]
[White "Real De Azua, Ernesto"]
[Black "Barrionuevo, Pablo"]
[Result "1-0"]
[WhiteElo "2474"]
[BlackElo "2318"]
[PlyCount "83"]
[EventDate "2012.05.23"]
[EventType "tourn"]
[EventRounds "9"]
[EventCountry "ARG"]
[EventCategory "8"]
[SourceDate "2012.05.12"]

1. d4 d5 2. c4 e6 3. Nc3 c5 4. cxd5 exd5 5. Nf3 Nc6 6. g3 Nf6 7. Bg2 Be7 8. O-O
O-O 9. Bg5 c4 10. Ne5 Be6 11. b3 h6 12. Bf4 cxb3 13. Nxc6 bxc6 14. axb3 Qd7 15.
Na4 Bh3 16. Qd3 Bxg2 17. Kxg2 Ne4 18. Rfc1 Rfe8 19. Ra2 Qb7 20. Rac2 Rac8 21.
h3 Bf8 22. f3 Nf6 23. g4 Re6 24. Nc5 Bxc5 25. Rxc5 Rce8 26. R5c2 Nd7 27. h4 Rf6
28. Bg3 Nf8 29. e3 Rfe6 30. Bf2 h5 31. g5 f6 32. Rc3 fxg5 33. hxg5 Qd7 34. Qf5
g6 35. Qh3 Qb7 36. R1c2 Nh7 37. f4 Rd6 38. Bg3 Rf8 39. f5 Rd7 40. Rxc6 gxf5 41.
Qxh5 Rg7 42. Rc7 1-0

[Event "I Magistral Panno - Club Phillidor de M"]
[Site "Moron ARG"]
[Date "2012.05.15"]
[Round "5.5"]
[White "Salinas Herrera, Pablo"]
[Black "Flores, Diego"]
[Result "0-1"]
[WhiteElo "2409"]
[BlackElo "2604"]
[PlyCount "108"]
[EventDate "2012.05.23"]
[EventType "tourn"]
[EventRounds "9"]
[EventCountry "ARG"]
[EventCategory "8"]
[SourceDate "2012.05.12"]

1. e4 c5 2. Nf3 e6 3. d4 cxd4 4. Nxd4 a6 5. Bd3 Bc5 6. Nb3 Be7 7. O-O d6 8. c4
Nf6 9. Nc3 b6 10. f4 Nbd7 11. Qe2 Qc7 12. Bd2 Bb7 13. Rae1 Rd8 14. Bb1 O-O 15.
Nd4 Rfe8 16. Nf3 Bf8 17. Ng5 g6 18. Kh1 Bg7 19. Rf3 h6 20. Nh3 d5 21. cxd5 exd5
22. e5 Nc5 23. Rff1 d4 24. Nd1 d3 25. Qe3 Qc6 26. Rg1 Nd5 27. Qg3 Ne7 28. Nhf2
Nf5 29. Qh3 Bc8 30. Nxd3 Nh4 31. Qxh4 Nxd3 32. Bxd3 Rxd3 33. Be3 Bb7 34. Nf2
Rd7 35. Qg4 h5 36. Qg3 Qc2 37. Bc1 Bf8 38. a3 a5 39. Be3 b5 40. Rgf1 b4 41. Bc1
Qf5 42. Qe3 Rc8 43. e6 fxe6 44. Qxe6+ Qxe6 45. Rxe6 Rc2 46. Ne4 Re7 47. Rxe7
Bxe7 48. Nd2 b3 49. Nf3 Bf6 50. Rd1 Bxf3 51. gxf3 Bxb2 52. Bxb2 Rxb2 53. Rd8+
Kf7 54. a4 Rc2 0-1

[Event "I Magistral Panno - Club Phillidor de M"]
[Site "Moron ARG"]
[Date "2012.05.18"]
[Round "6.1"]
[White "Mareco, Sandro"]
[Black "Flores, Diego"]
[Result "1/2-1/2"]
[WhiteElo "2583"]
[BlackElo "2604"]
[PlyCount "141"]
[EventDate "2012.05.23"]
[EventType "tourn"]
[EventRounds "9"]
[EventCountry "ARG"]
[EventCategory "8"]
[SourceDate "2012.05.12"]

1. d4 Nf6 2. c4 e6 3. g3 c5 4. d5 exd5 5. cxd5 d6 6. Nc3 g6 7. Bg2 Bg7 8. Nf3
O-O 9. O-O a6 10. a4 Re8 11. Nd2 Nbd7 12. h3 Rb8 13. Nc4 Ne5 14. Na3 Nh5 15. e4
Bd7 16. a5 Qxa5 17. g4 Nf6 18. f4 Nfxg4 19. hxg4 Nxg4 20. f5 Ne5 21. f6 Bh8 22.
Bg5 Qd8 23. Nc2 b5 24. Rxa6 b4 25. Ne2 Bb5 26. Ra1 Ra8 27. Rb1 Bd3 28. Rc1 Ra2
29. Ne1 Bb5 30. Rb1 Qc8 31. Rf4 Nc4 32. Ng3 Re5 33. Nf3 Nxb2 34. Qd2 Nd3 35.
Qxa2 Rxg5 36. Nxg5 Nxf4 37. e5 h6 38. N5e4 dxe5 39. Nd6 Qa6 40. Qxa6 Bxa6 41.
Nge4 Bd3 42. Rb2 Bxe4 43. Nxe4 Nxd5 44. Nxc5 Nxf6 45. Rxb4 Bg7 46. Rb8+ Bf8 47.
Ne4 Nh5 48. Bf1 f5 49. Bc4+ Kg7 50. Rb7+ Kh8 51. Rf7 Bg7 52. Nc5 Nf4 53. Ne6
Nxe6 54. Bxe6 h5 55. Rd7 Kh7 56. Kg2 Kh6 57. Rd6 Kg5 58. Bd7 e4 59. Be8 Bf6 60.
Re6 h4 61. Kh3 Bc3 62. Bxg6 Be1 63. Bh7 Bc3 64. Rc6 Be5 65. Rc5 Kf4 66. Rc1 Kg5
67. Rc5 Kf4 68. Rc1 Kg5 69. Rg1+ Bg3 70. Rf1 e3 71. Rxf5+ 1/2-1/2

[Event "I Magistral Panno - Club Phillidor de M"]
[Site "Moron ARG"]
[Date "2012.05.18"]
[Round "6.2"]
[White "Barrionuevo, Pablo"]
[Black "Salinas Herrera, Pablo"]
[Result "0-1"]
[WhiteElo "2318"]
[BlackElo "2409"]
[PlyCount "106"]
[EventDate "2012.05.23"]
[EventType "tourn"]
[EventRounds "9"]
[EventCountry "ARG"]
[EventCategory "8"]
[SourceDate "2012.05.12"]

1. d4 Nf6 2. c4 g6 3. Nc3 Bg7 4. e4 d6 5. f4 O-O 6. Nf3 Na6 7. Bd3 e5 8. fxe5
dxe5 9. d5 Ne8 10. Bg5 f6 11. Be3 c5 12. O-O Nd6 13. Qd2 Nf7 14. Rad1 b6 15.
Kh1 Bd7 16. Bb1 Nc7 17. a3 Ne8 18. Rc1 Ned6 19. Bd3 Rc8 20. g3 Qe7 21. Nh4 g5
22. Nf3 h6 23. Qc2 f5 24. exf5 e4 25. f6 Bxf6 26. Nxe4 Nxe4 27. Bxe4 Nd6 28.
Bd3 g4 29. Bf4 gxf3 30. Rce1 Qg7 31. Bxd6 Bd4 32. Re7 Rf7 33. Rxd7 Rxd7 34. Bf5
Rxd6 35. Bxc8 Rf6 36. Qe4 f2 37. Be6+ Kf8 38. d6 Qg6 39. Qa8+ Qe8 40. Qxe8+
Kxe8 41. d7+ Kd8 42. Bh3 Bxb2 43. Kg2 Bd4 44. Rb1 Rf7 45. Kf1 Rf3 46. Rd1 Rxa3
47. Ke2 a5 48. Rd3 Rxd3 49. Kxd3 a4 50. Kc2 b5 51. cxb5 c4 52. Bf1 c3 53. b6
Kxd7 0-1

[Event "I Magistral Panno - Club Phillidor de M"]
[Site "Moron ARG"]
[Date "2012.05.18"]
[Round "6.3"]
[White "Koch, Juan"]
[Black "Real De Azua, Ernesto"]
[Result "0-1"]
[WhiteElo "2071"]
[BlackElo "2474"]
[PlyCount "96"]
[EventDate "2012.05.23"]
[EventType "tourn"]
[EventRounds "9"]
[EventCountry "ARG"]
[EventCategory "8"]
[SourceDate "2012.05.12"]

1. e4 e5 2. Nf3 Nc6 3. d4 exd4 4. Bc4 Nf6 5. O-O Nxe4 6. Re1 d5 7. Bxd5 Qxd5 8.
Nc3 Qa5 9. Nxe4 Be6 10. Bd2 Qf5 11. Bg5 h6 12. Qd3 Qa5 13. Bd2 Qb6 14. a4 a5
15. c3 O-O-O 16. Qb5 Rd5 17. Qxb6 cxb6 18. Nxd4 Nxd4 19. cxd4 Rxd4 20. Bc3 Rd5
21. Rac1 Kd7 22. Red1 Rg8 23. Be5 Rxd1+ 24. Rxd1+ Kc6 25. Rd8 f5 26. Nc3 Bb4
27. Rxg8 Bxg8 28. Bxg7 h5 29. Nb5 Kd5 30. f3 Bc5+ 31. Kf1 Kc4 32. Bc3 Kd3 33.
Be5 Bb3 34. Nd6 Bxa4 35. Nxf5 Bb5 36. Nd6 Bxd6 37. Bxd6 Kc2+ 38. Ke1 Kxb2 39.
Kd2 Bf1 40. Bc7 Bxg2 41. Bxb6 a4 42. Bd4+ Kb3 43. f4 b5 44. Kc1 Be4 45. h4 b4
46. Bf6 Ka2 47. Be7 b3 48. Bf6 a3 0-1

[Event "I Magistral Panno - Club Phillidor de M"]
[Site "Moron ARG"]
[Date "2012.05.18"]
[Round "6.4"]
[White "Brito Molina, Roberto J"]
[Black "Rodriguez  Villa, Andres"]
[Result "1/2-1/2"]
[WhiteElo "2423"]
[BlackElo "2532"]
[PlyCount "118"]
[EventDate "2012.05.23"]
[EventType "tourn"]
[EventRounds "9"]
[EventCountry "ARG"]
[EventCategory "8"]
[SourceDate "2012.05.12"]

1. d4 e6 2. c4 Bb4+ 3. Bd2 a5 4. g3 Ne7 5. Nf3 O-O 6. Nc3 d5 7. cxd5 exd5 8.
Bg2 c6 9. O-O Bf5 10. a3 Bd6 11. Na4 Nd7 12. b4 axb4 13. Bxb4 Bxb4 14. axb4 Nc8
15. Nc5 Nd6 16. Qb3 Re8 17. e3 Nb6 18. b5 cxb5 19. Ne5 Be6 20. Rxa8 Qxa8 21.
Qb4 Nbc8 22. Ned3 b6 23. Nb3 f6 24. Ra1 Qb7 25. Nf4 Bf7 26. h4 Qc6 27. Nd2 Nc4
28. Nb1 g5 29. hxg5 fxg5 30. Nd3 Qg6 31. Ne5 Nxe5 32. dxe5 Rxe5 33. Nc3 Qf6 34.
Qd4 Kg7 35. Nxb5 Ne7 36. Ra7 Nc6 37. Qxb6 Nxa7 38. Qxa7 Rf5 39. f4 gxf4 40.
exf4 Qc6 41. Qa1+ Rf6 42. Nd4 Qb6 43. Bf3 Bg6 44. Kg2 Be4 45. g4 Qa6 46. Qc3
Bxf3+ 47. Qxf3 Qc4 48. Qe3 Kf7 49. Kg3 h6 50. Qe5 Qd3+ 51. Nf3 Qe4 52. Qb8 Kg7
53. Qc7+ Rf7 54. Qd6 Rb7 55. f5 Rb3 56. Qd7+ Kf8 57. Qd8+ Kf7 58. Qd7+ Kf8 59.
Qd8+ Kf7 1/2-1/2

[Event "I Magistral Panno - Club Phillidor de M"]
[Site "Moron ARG"]
[Date "2012.05.19"]
[Round "7.1"]
[White "Krysa, Leandro"]
[Black "Mareco, Sandro"]
[Result "0-1"]
[WhiteElo "2423"]
[BlackElo "2583"]
[PlyCount "70"]
[EventDate "2012.05.23"]
[EventType "tourn"]
[EventRounds "9"]
[EventCountry "ARG"]
[EventCategory "8"]
[SourceDate "2012.05.12"]

1. d4 Nf6 2. c4 e6 3. Nc3 Bb4 4. Qc2 O-O 5. a3 Bxc3+ 6. Qxc3 d6 7. g3 Bd7 8.
Bg2 Bc6 9. Nf3 a5 10. b3 Nbd7 11. O-O Be4 12. Bb2 b6 13. Bh3 Qe7 14. Nd2 Bb7
15. Qc2 c5 16. dxc5 bxc5 17. e4 e5 18. Bc3 Nb8 19. b4 axb4 20. axb4 cxb4 21.
Bxb4 Na6 22. Ba3 Qc7 23. f3 Rfd8 24. Nb3 d5 25. exd5 Nxd5 26. Rae1 Qb6+ 27. c5
Qh6 28. c6 Bxc6 29. Bc1 Nab4 30. Qg2 Qd6 31. Qe2 Ba4 32. Nd2 Qb6+ 33. Kh1 Bb5
34. Qxe5 Nd3 35. Qh5 Nf6 0-1

[Event "I Magistral Panno - Club Phillidor de M"]
[Site "Moron ARG"]
[Date "2012.05.19"]
[Round "7.2"]
[White "Rodriguez  Villa, Andres"]
[Black "Yago de Moura, Santiago"]
[Result "1-0"]
[WhiteElo "2532"]
[BlackElo "2347"]
[PlyCount "83"]
[EventDate "2012.05.23"]
[EventType "tourn"]
[EventRounds "9"]
[EventCountry "ARG"]
[EventCategory "8"]
[SourceDate "2012.05.12"]

1. e4 c5 2. Nf3 d6 3. d4 cxd4 4. Nxd4 Nf6 5. Nc3 a6 6. h3 e6 7. g4 Be7 8. Bg2
h6 9. O-O g5 10. a4 Qc7 11. a5 Nc6 12. Nxc6 bxc6 13. Be3 e5 14. Na4 Be6 15. Nb6
Rd8 16. Qe2 d5 17. Qxa6 d4 18. Bd2 h5 19. f3 Nd7 20. Nxd7 Kxd7 21. Qd3 c5 22.
c4 Ra8 23. Rfb1 Rhb8 24. Bf1 hxg4 25. hxg4 Qb7 26. Be2 Qa6 27. Qc2 Kc7 28. Bd3
Bd7 29. Kg2 Rb7 30. b3 Qc6 31. Qc1 f6 32. Qh1 Qa6 33. Qh7 Bd8 34. Qf7 Rab8 35.
Ra3 Kc8 36. Qf8 Rc7 37. b4 cxb4 38. Bxb4 Be6 39. Be7 Rxb1 40. Qxd8+ Kb7 41.
Bxb1 Qxc4 42. Bd3 1-0

[Event "I Magistral Panno - Club Phillidor de M"]
[Site "Moron ARG"]
[Date "2012.05.19"]
[Round "7.3"]
[White "Real De Azua, Ernesto"]
[Black "Brito Molina, Roberto J"]
[Result "1-0"]
[WhiteElo "2474"]
[BlackElo "2423"]
[PlyCount "77"]
[EventDate "2012.05.23"]
[EventType "tourn"]
[EventRounds "9"]
[EventCountry "ARG"]
[EventCategory "8"]
[SourceDate "2012.05.12"]

1. d4 e6 2. c4 d5 3. Nc3 Be7 4. cxd5 exd5 5. Bf4 Nf6 6. Qc2 c6 7. e3 O-O 8. Nf3
Nbd7 9. Bd3 Re8 10. h3 Nf8 11. g4 Bd6 12. Bxd6 Qxd6 13. O-O-O Be6 14. Kb1 Rac8
15. Rc1 N6d7 16. Rhg1 b6 17. Ng5 h6 18. Nxe6 Nxe6 19. h4 c5 20. dxc5 bxc5 21.
g5 hxg5 22. hxg5 Nb6 23. Rg4 Nc7 24. g6 f6 25. Rh1 Kf8 26. Bf5 Rb8 27. Ka1 Ke7
28. e4 d4 29. e5 fxe5 30. Ne4 Qd5 31. Rh7 Rg8 32. Qc1 Ne8 33. Qg5+ Kf8 34. Rgh4
Na4 35. Rxg7 Rxg7 36. Rh8+ Rg8 37. g7+ Nxg7 38. Qf6+ Qf7 39. Qd6+ 1-0

[Event "I Magistral Panno - Club Phillidor de M"]
[Site "Moron ARG"]
[Date "2012.05.19"]
[Round "7.4"]
[White "Salinas Herrera, Pablo"]
[Black "Koch, Juan"]
[Result "1-0"]
[WhiteElo "2409"]
[BlackElo "2071"]
[PlyCount "113"]
[EventDate "2012.05.23"]
[EventType "tourn"]
[EventRounds "9"]
[EventCountry "ARG"]
[EventCategory "8"]
[SourceDate "2012.05.12"]

1. d4 d5 2. Nf3 Nf6 3. c4 e6 4. Nc3 c6 5. Bg5 Nbd7 6. e3 Qa5 7. cxd5 exd5 8.
Nd2 Bd6 9. Qc2 O-O 10. Bd3 h6 11. Bh4 Re8 12. Bg3 Bb4 13. h3 Nf8 14. a3 Be7 15.
O-O Be6 16. Rfe1 Rac8 17. b4 Qd8 18. f3 a5 19. Rab1 axb4 20. axb4 N6h7 21. Bf2
Bf6 22. Na4 Bh4 23. Nf1 Bxf2+ 24. Qxf2 Rc7 25. b5 Ng5 26. h4 Ngh7 27. Nc5 Bc8
28. Rec1 Ne6 29. bxc6 bxc6 30. Rb8 Nxc5 31. Rxc5 Nf8 32. Rc1 Qe7 33. Rb2 Bd7
34. Qg3 Qa3 35. Rbc2 Rcc8 36. Rc3 Qe7 37. Ba6 Rb8 38. Bd3 Rbc8 39. Bc2 Rb8 40.
Ba4 Qb4 41. Bxc6 Bxc6 42. Rxc6 Rbd8 43. Rxh6 Re6 44. Rxe6 Nxe6 45. h5 Qe7 46.
Rb1 Kh7 47. Qe5 Qg5 48. Qxg5 Nxg5 49. Rb5 Kh6 50. Ng3 g6 51. hxg6 Kxg6 52. Ne2
Ne6 53. Nc3 Nc7 54. Rc5 Rd7 55. Kf2 f5 56. Ke2 Kf6 57. Rxc7 1-0

[Event "I Magistral Panno - Club Phillidor de M"]
[Site "Moron ARG"]
[Date "2012.05.19"]
[Round "7.5"]
[White "Flores, Diego"]
[Black "Barrionuevo, Pablo"]
[Result "1-0"]
[WhiteElo "2604"]
[BlackElo "2318"]
[PlyCount "73"]
[EventDate "2012.05.23"]
[EventType "tourn"]
[EventRounds "9"]
[EventCountry "ARG"]
[EventCategory "8"]
[SourceDate "2012.05.12"]

1. c4 e6 2. Nf3 d5 3. g3 Nf6 4. Bg2 Be7 5. O-O O-O 6. d4 c5 7. cxd5 exd5 8. Nc3
Nc6 9. Bg5 c4 10. Ne5 Be6 11. f4 h6 12. Bxf6 Bxf6 13. e3 Ne7 14. b3 Qa5 15. Qe1
cxb3 16. axb3 Qd8 17. Qd2 Bxe5 18. dxe5 Qd7 19. e4 d4 20. Nd5 Nc6 21. b4 Rfd8
22. b5 Ne7 23. Qxd4 Nxd5 24. exd5 Bxd5 25. Rfd1 Be6 26. Qxd7 Rxd7 27. Rxd7 Bxd7
28. Bxb7 Rb8 29. Bc6 Bxc6 30. bxc6 Rc8 31. Ra6 f6 32. e6 Rc7 33. Kf2 Kf8 34.
Ke3 Ke7 35. f5 Kd6 36. Kd4 h5 37. h3 1-0

[Event "I Magistral Panno - Club Phillidor de M"]
[Site "Moron ARG"]
[Date "2012.05.20"]
[Round "8.1"]
[White "Mareco, Sandro"]
[Black "Barrionuevo, Pablo"]
[Result "1-0"]
[WhiteElo "2583"]
[BlackElo "2318"]
[PlyCount "81"]
[EventDate "2012.05.23"]
[EventType "tourn"]
[EventRounds "9"]
[EventCountry "ARG"]
[EventCategory "8"]
[SourceDate "2012.05.12"]

1. d4 d5 2. c4 e6 3. Nf3 c5 4. cxd5 exd5 5. Nc3 Nc6 6. g3 Nf6 7. Bg2 Be7 8. O-O
O-O 9. dxc5 Bxc5 10. Na4 Be7 11. Be3 Ne4 12. Nd4 Ne5 13. Rc1 Bd7 14. Bf4 Bd6
15. Nc3 Nxc3 16. Rxc3 g5 17. Bc1 Bb4 18. Rc2 Bg4 19. a3 Be7 20. Nb5 Bf5 21. Rd2
Qb6 22. Rxd5 Rfd8 23. Be3 Qg6 24. Bc5 Be4 25. Bxe4 Qxe4 26. Nc3 Rxd5 27. Nxd5
Bd8 28. Bxa7 Nc4 29. Be3 Ra5 30. Nc3 Qe8 31. Bc1 g4 32. Qd4 Ne5 33. Rd1 Bf6 34.
Qf4 Qe6 35. Ne4 Be7 36. b4 Qb3 37. Rd4 Rb5 38. Nf6+ Bxf6 39. Qxf6 Rd5 40. Bh6
Nf3+ 41. Kg2 1-0

[Event "I Magistral Panno - Club Phillidor de M"]
[Site "Moron ARG"]
[Date "2012.05.20"]
[Round "8.2"]
[White "Koch, Juan"]
[Black "Flores, Diego"]
[Result "0-1"]
[WhiteElo "2071"]
[BlackElo "2604"]
[PlyCount "62"]
[EventDate "2012.05.23"]
[EventType "tourn"]
[EventRounds "9"]
[EventCountry "ARG"]
[EventCategory "8"]
[SourceDate "2012.05.12"]

1. c4 Nf6 2. g3 e5 3. Bg2 d5 4. cxd5 Nxd5 5. Nf3 Nc6 6. d3 Be7 7. O-O O-O 8. a3
Re8 9. e3 a5 10. b3 Bf6 11. Bb2 e4 12. Nd4 Nxd4 13. Bxd4 Nxe3 14. Bxf6 Qxf6 15.
fxe3 Qxa1 16. Bxe4 Qe5 17. Nd2 Ra6 18. Rf4 Rf6 19. a4 Rxf4 20. gxf4 Qc5 21. Nc4
b6 22. Qf3 Be6 23. Bc6 Rd8 24. d4 Qb4 25. d5 Bf5 26. Ne5 Be4 27. Qd1 Qc5 28.
Qd4 Qxd4 29. exd4 Bxd5 30. Bxd5 Rxd5 31. Nc6 Kf8 0-1

[Event "I Magistral Panno - Club Phillidor de M"]
[Site "Moron ARG"]
[Date "2012.05.20"]
[Round "8.3"]
[White "Brito Molina, Roberto J"]
[Black "Salinas Herrera, Pablo"]
[Result "1-0"]
[WhiteElo "2423"]
[BlackElo "2409"]
[PlyCount "79"]
[EventDate "2012.05.23"]
[EventType "tourn"]
[EventRounds "9"]
[EventCountry "ARG"]
[EventCategory "8"]
[SourceDate "2012.05.12"]

1. d4 Nf6 2. c4 g6 3. Nc3 Bg7 4. e4 d6 5. Nf3 O-O 6. Be2 e5 7. O-O Na6 8. Re1
Qe8 9. Bf1 Bg4 10. d5 Nb4 11. Be2 a5 12. h3 Bd7 13. a3 Na6 14. Bd3 Nh5 15. Bf1
f5 16. Rb1 f4 17. b4 Qe7 18. c5 g5 19. c6 Bc8 20. cxb7 Bxb7 21. Na4 axb4 22.
axb4 Nb8 23. b5 h6 24. b6 c5 25. dxc6 Nxc6 26. Nc3 Nf6 27. Nb5 Rfd8 28. Nc7 Ra5
29. Bb5 Nb8 30. Bd2 Rxb5 31. Nxb5 Nxe4 32. Bb4 Na6 33. Ba3 Qf7 34. Rc1 Rd7 35.
Qc2 d5 36. Nc7 Nxc7 37. bxc7 Bc8 38. Qc6 Bf6 39. Bb2 Qe7 40. Qa8 1-0

[Event "I Magistral Panno - Club Phillidor de M"]
[Site "Moron ARG"]
[Date "2012.05.20"]
[Round "8.4"]
[White "Yago de Moura, Santiago"]
[Black "Real De Azua, Ernesto"]
[Result "0-1"]
[WhiteElo "2347"]
[BlackElo "2474"]
[PlyCount "70"]
[EventDate "2012.05.23"]
[EventType "tourn"]
[EventRounds "9"]
[EventCountry "ARG"]
[EventCategory "8"]
[SourceDate "2012.05.12"]

1. e4 e5 2. Nf3 Nc6 3. Bc4 Bc5 4. b4 Bxb4 5. c3 Be7 6. d4 Na5 7. Nxe5 Nxc4 8.
Nxc4 d5 9. exd5 Qxd5 10. Ne3 Qa5 11. O-O Nf6 12. Bb2 O-O 13. c4 Qg5 14. f4 Qh4
15. Nc3 c6 16. g3 Qh3 17. f5 Bd6 18. Qf3 Re8 19. Rae1 Bd7 20. Ncd1 Qh5 21. Qxh5
Nxh5 22. c5 Bc7 23. d5 Nf6 24. Bxf6 gxf6 25. d6 Ba5 26. Re2 Bb4 27. Rc2 b6 28.
Ng4 Kg7 29. Nb2 Bxc5+ 30. Rxc5 bxc5 31. Nd3 h5 32. Ngf2 Bxf5 33. Nxc5 Re5 34.
Rc1 Rd8 35. d7 Rd5 0-1

[Event "I Magistral Panno - Club Phillidor de M"]
[Site "Moron ARG"]
[Date "2012.05.20"]
[Round "8.5"]
[White "Krysa, Leandro"]
[Black "Rodriguez  Villa, Andres"]
[Result "0-1"]
[WhiteElo "2423"]
[BlackElo "2532"]
[PlyCount "66"]
[EventDate "2012.05.23"]
[EventType "tourn"]
[EventRounds "9"]
[EventCountry "ARG"]
[EventCategory "8"]
[SourceDate "2012.05.12"]

1. c4 e5 2. Nc3 Nf6 3. Nf3 Nc6 4. d3 d5 5. cxd5 Nxd5 6. e4 Nf6 7. h3 Bc5 8. Be2
O-O 9. O-O Re8 10. Be3 Nd4 11. Rc1 b6 12. Bxd4 exd4 13. Nb1 Nh5 14. Nbd2 Nf4
15. Nb3 Qd6 16. Nxc5 Bxh3 17. Nb7 Qh6 18. g3 Nxe2+ 19. Qxe2 Bxf1 20. Qxf1 c5
21. e5 Qc6 22. Nd6 Qxf3 23. Nxe8 Rxe8 24. Re1 g5 25. Qe2 Qxe2 26. Rxe2 f6 27.
e6 Kg7 28. g4 Kg6 29. b4 cxb4 30. Re4 a5 31. Kg2 f5 32. gxf5+ Kxf5 33. e7 Kf6
0-1

[Event "I Magistral Panno - Club Phillidor de M"]
[Site "Moron ARG"]
[Date "2012.05.21"]
[Round "9.1"]
[White "Rodriguez  Villa, Andres"]
[Black "Mareco, Sandro"]
[Result "0-1"]
[WhiteElo "2532"]
[BlackElo "2583"]
[PlyCount "74"]
[EventDate "2012.05.23"]
[EventType "tourn"]
[EventRounds "9"]
[EventCountry "ARG"]
[EventCategory "8"]
[SourceDate "2012.05.12"]

1. e4 c5 2. Nf3 d6 3. d4 cxd4 4. Nxd4 Nf6 5. Nc3 a6 6. h3 e6 7. g4 Be7 8. Bg2
Nc6 9. a4 O-O 10. O-O Nxd4 11. Qxd4 e5 12. Qd3 Be6 13. Nd5 Bxd5 14. exd5 Nd7
15. a5 Rc8 16. c3 Bg5 17. Be3 Bxe3 18. fxe3 Nc5 19. Qc2 g6 20. e4 b5 21. axb6
Qxb6 22. Rf2 a5 23. Raf1 Qb5 24. Kh2 Rb8 25. Rb1 a4 26. Rf6 Rb6 27. Qf2 Qb3 28.
Qf3 Nd7 29. Rf1 Nxf6 30. Qxf6 Qxb2 31. h4 Qe2 32. Rf2 Qe3 33. h5 a3 34. c4 Rb2
35. Rf3 Qd2 36. Rg3 a2 37. g5 Qf4 0-1

[Event "I Magistral Panno - Club Phillidor de M"]
[Site "Moron ARG"]
[Date "2012.05.21"]
[Round "9.2"]
[White "Real De Azua, Ernesto"]
[Black "Krysa, Leandro"]
[Result "1-0"]
[WhiteElo "2474"]
[BlackElo "2423"]
[PlyCount "123"]
[EventDate "2012.05.23"]
[EventType "tourn"]
[EventRounds "9"]
[EventCountry "ARG"]
[EventCategory "8"]
[SourceDate "2012.05.12"]

1. d4 Nf6 2. c4 g6 3. Nc3 d5 4. Bg5 Ne4 5. Bh4 Nxc3 6. bxc3 Bg7 7. e3 c5 8.
cxd5 cxd4 9. cxd4 Qxd5 10. Nf3 Nc6 11. Be2 e5 12. dxe5 Qa5+ 13. Qd2 Qxd2+ 14.
Kxd2 O-O 15. Rhc1 Nxe5 16. Nd4 Nc6 17. Nxc6 bxc6 18. Rab1 Be6 19. Bc4 Bd5 20.
Bxd5 cxd5 21. Kd3 Rfc8 22. Bg3 h5 23. Bc7 a5 24. a4 Bf8 25. Be5 Bb4 26. Kd4 Kf8
27. Bf6 Re8 28. Kxd5 Ra6 29. Bd4 Rd6+ 30. Kc4 Rc8+ 31. Kd3 Rdc6 32. Rxc6 Rxc6
33. Rb2 Rc1 34. Rc2 Rh1 35. h3 Rb1 36. Kc4 Ke7 37. Kd5 Kd7 38. Rc6 Rb3 39. Ra6
Ra3 40. Ra7+ Ke8 41. Ra8+ Kd7 42. Ra7+ Ke8 43. Kc6 Ra2 44. e4 Rd2 45. Be3 Rb2
46. h4 Kf8 47. Bd4 Rd2 48. Rd7 Ke8 49. Rd5 Rc2+ 50. Kb5 Ke7 51. Bb6 Ke6 52. g3
f5 53. Rd4 Ke5 54. exf5 gxf5 55. Rc4 Ra2 56. f4+ Kd5 57. Rd4+ Ke6 58. Bxa5 Bxa5
59. Kxa5 Ra3 60. Kb5 Rxg3 61. a5 Rb3+ 62. Rb4 1-0

[Event "I Magistral Panno - Club Phillidor de M"]
[Site "Moron ARG"]
[Date "2012.05.21"]
[Round "9.3"]
[White "Salinas Herrera, Pablo"]
[Black "Yago de Moura, Santiago"]
[Result "0-1"]
[WhiteElo "2409"]
[BlackElo "2347"]
[PlyCount "108"]
[EventDate "2012.05.23"]
[EventType "tourn"]
[EventRounds "9"]
[EventCountry "ARG"]
[EventCategory "8"]
[SourceDate "2012.05.12"]

1. d4 d5 2. Nf3 Nf6 3. c4 e6 4. Nc3 c6 5. Bg5 Nbd7 6. e3 Qa5 7. cxd5 Nxd5 8.
Qd2 Bb4 9. Rc1 h6 10. Bh4 c5 11. Bc4 cxd4 12. Qxd4 Bxc3+ 13. bxc3 O-O 14. O-O
N5b6 15. Bb3 Re8 16. Rfd1 Qh5 17. Bg3 e5 18. Qb4 e4 19. Ne1 a5 20. Qd6 a4 21.
Bc2 Nc4 22. Qd4 Nb2 23. Rd2 Nf6 24. Qb4 a3 25. c4 Qa5 26. Qxa5 Rxa5 27. Bb3 Be6
28. Bd6 Rc8 29. Bb4 Raa8 30. Rdc2 Nd7 31. Rc3 Nc5 32. Bc2 Nxc4 33. Bxc5 Rxc5
34. Bxe4 Rc7 35. Nc2 Rd7 36. Nxa3 Rad8 37. Bf3 Ne5 38. R3c2 Nxf3+ 39. gxf3 Bh3
40. Rc8 Rxc8 41. Rxc8+ Kh7 42. Rc1 Rd6 43. Kh1 Ra6 44. Rc3 b5 45. Nxb5 Rxa2 46.
Rc1 Rxf2 47. Nd4 g5 48. Rg1 Rd2 49. Rg3 Rd1+ 50. Rg1 Rd3 51. Rg3 Bc8 52. Kg1 f5
53. Kf2 f4 54. exf4 gxf4 0-1

[Event "I Magistral Panno - Club Phillidor de M"]
[Site "Moron ARG"]
[Date "2012.05.21"]
[Round "9.5"]
[White "Barrionuevo, Pablo"]
[Black "Koch, Juan"]
[Result "1-0"]
[WhiteElo "2318"]
[BlackElo "2071"]
[PlyCount "103"]
[EventDate "2012.05.23"]
[EventType "tourn"]
[EventRounds "9"]
[EventCountry "ARG"]
[EventCategory "8"]
[SourceDate "2012.05.12"]

1. d4 d5 2. c4 e6 3. Nf3 c5 4. cxd5 exd5 5. Nc3 Nc6 6. g3 Nf6 7. Bg2 Be7 8. O-O
O-O 9. Bg5 Bf5 10. Rc1 c4 11. Ne5 Rb8 12. f4 Re8 13. e3 Nb4 14. Re1 Ne4 15.
Nxe4 f6 16. Nc3 fxe5 17. Bxe7 Rxe7 18. fxe5 Be6 19. Rf1 Nd3 20. Rc2 b5 21. Rd2
b4 22. Na4 Qa5 23. Rxd3 cxd3 24. Nc5 Rf8 25. Rxf8+ Kxf8 26. Qxd3 Qxa2 27. Qf1+
Kg8 28. Qb5 Qb1+ 29. Bf1 Bh3 30. e6 Qxf1+ 31. Qxf1 Bxf1 32. Kxf1 g6 33. e4 dxe4
34. d5 Kf8 35. d6 Rg7 36. Ke2 a5 37. b3 g5 38. Ke3 Ra7 39. Kxe4 h5 40. h3 g4
41. h4 Ke8 42. Na4 Rb7 43. Kd5 Rb5+ 44. Kc6 Re5 45. Kc7 Rd5 46. Kc6 Re5 47. Nc5
a4 48. d7+ Ke7 49. Nb7 Rxe6+ 50. Kc7 axb3 51. d8=Q+ Kf7 52. Qd5 1-0